000 01142cam a2200301 a 4500
001 1482350
003 OSt
005 20230731100926.0
008 870327s1986 onc b 001 0 eng
010 _a 87126524
020 _a0773505571
020 _a0773505687 (pbk.)
040 _aDLC
_cDLC
_dDLC
043 _an-cn---
082 0 0 _a368.4/2/00971
_2NAY
100 1 _aNaylor, C. David
_q(Christopher David),
_d1954-
245 1 0 _aPrivate practice, public payment :
_bCanadian medicine and the politics of health insurance, 1911-1966 /
_cC. David Naylor.
260 _aKingston :
_bMcGill-Queen's University Press,
_cc1986.
300 _axii, 324 p. ;
_c24 cm.
500 _aIncludes index.
504 _aBibliography: p. [259]-303.
650 0 _aPhysicians
_xPolitical activity
_zCanada
_xHistory
_y20th century.
650 0 _aHealth insurance
_xGovernment policy
_zCanada
_xHistory
_y20th century.
650 0 _aPressure groups
_zCanada
_xHistory
_y20th century.
856 4 2 _3Publisher description
_uhttp://www.loc.gov/catdir/enhancements/fy1001/87126524-d.html
906 _a7
_bcbc
_corignew
_d3
_encip
_f19
_gy-gencatlg
942 _2ddc
_cBK
999 _c4006
_d4006